• 首页
  • 本馆介绍
  • 公告通知
  • 最新文献
  • 馆藏检索
  • 电子资源
  • 读者导购
  • 参考咨询
  • 我的图书馆
  • 登录
  • 详细信息显示
  • 放入我的书架
  • 预约/预借图书
  • 作者相关作品
  • 分类相关作品
  • 丛书相关作品
  • 出版社相关作品

书目信息

  • 表格格式
  • 工作单格式
  • 卡片格式
题名:
燃脂力
    
 
作者: 赖宇凡 著
分册:  
出版信息: 长沙   湖南科学技术出版社  2016
页数: 248页
开本: 24cm
丛书名:
单 册:
中图分类: TS974.14
科图分类:
主题词: 减肥--jian fei--基本知识
电子资源:
ISBN: 978-7-5357-8956-3
000 01057nam0 22002771 450
001 0109172509
005 20170310083629.85
010    @a978-7-5357-8956-3@dCNY39.80
100    @a20160621d2016 em y0chiy50 ea
101 0  @achi
102    @aCN@b430000
105    @aa z 000yy
106    @ar
200 1  @a燃脂力@9ran zhi li@dFat burning power@f赖宇凡[著]@zeng
210    @a长沙@c湖南科学技术出版社@d2016
215    @a248页@c图@d24cm
305    @a由台湾如果出版(大雁文化事业股份有限公司)授权出版
312    @a本书原名:吃出天生烧油好体质
330    @a本书作者将人的体质分为三种类型:亢进型燃脂体质、减退型燃脂体质、平衡型燃脂体质。提出只有注重食物的营养平衡,体内脂肪就能时刻分解,不但瘦,还瘦得有型;能量平衡,慢性病不上身;分解老旧脂肪,时刻排毒更健康。
510 1  @aFat burning power@zeng
517 1  @a吃出天生烧油好体质@9chi chu tian sheng shao you hao ti zhi
606 0  @a减肥@9jian fei@x基本知识
690    @aTS974.14@v5
701  0 @a赖宇凡@9lai yu fan@4著
801  0 @aCN@bTANGWEI@c20170308
905    @b0954108-11@dTS974.14@e455@f4
    
    燃脂力=Fat burning power/赖宇凡[著].-长沙:湖南科学技术出版社,2016
    248页:图;24cm
    
    
    ISBN 978-7-5357-8956-3:CNY39.80
    本书作者将人的体质分为三种类型:亢进型燃脂体质、减退型燃脂体质、平衡型燃脂体质。提出只有注重食物的营养平衡,体内脂肪就能时刻分解,不但瘦,还瘦得有型;能量平衡,慢性病不上身;分解老旧脂肪,时刻排毒更健康。
●
相关链接 在E读中查询图书 在五车中查询图书 在当当中查询图书 在豆瓣中查询图书


正题名:燃脂力     索取号:TS974.14/455         预约/预借

序号 登录号 条形码 馆藏地/架位号 状态 备注
1 0954108   209541085   第二样本阅览室/ [索取号:TS974.14/455] 在馆    
2 0954109   209541094   第三借阅区/ [索取号:TS974.14/455] 在馆    
3 0954110   209541101   第三借阅区/ [索取号:TS974.14/455] 在馆    
4 0954111   209541110   第三借阅区/ [索取号:TS974.14/455] 在馆    
唐山师范学院图书馆 欢迎您!
大连网信软件有限公司© 版权所有